Účtovnícke, audítorské, finančné zvesti

Uložené v:
Podrobná bibliografia
Médium: Seriál
Jazyk:Slovak
Vydavateľské údaje: Bratislava SÚVAHA 1995
Predmet:
Tagy: Pridať tag
Žiadne tagy, Buďte prvý, kto otaguje tento záznam!

MARC

LEADER 00000nas2a2200000 4500
001 s102133
005 20221207104221.7
041 0 |a slo 
044 |a SK 
245 1 0 |a Účtovnícke, audítorské, finančné zvesti 
264 1 |a Bratislava  |b SÚVAHA  |c 1995 
300 |a 1 zv. 
773 0 |w eu_un_cat*s120079 
610 2 0 |a účtovníctvo 
610 2 0 |a audítorstvo 
610 2 0 |a financie